000 01157nam a22001457a 4500
999 _c520142
_d520142
008 220704b ||||| |||| 00| 0 eng d
100 _aSingh, Jatinder
_931826
245 _aDemographic divided
260 _aYojana
300 _a66(3), Mar, 2022: p.43-45
520 _aYouth has a potential and power to change the world for the better. Harnessing the potential of youth for burgeoning economic opportunities is the role of key stakeholders. At the same time, instilling values of integrity and humility is significant in this journey. Youth is often associated with innovative spirit, entrepreneurship, technological prowess, and sports that bring laurels to the nation. Unleoshing their latent potential and innovativeness can bring the desired change and prosperity for all. lndian youth is known for resilience and innovation. lndia has the largest youth population in the world; it becomes a dire need to focus on their development in this 75th year of lndia's independence. lt is imperative to create an ecosystem to make them partners in growth and development of notion. – Reproduced
773 _aYojana
906 _aYOUTH
942 _cAR